000
00320 a2200109 4500
001
ART_41780
005
20260410161814.0
008
260409a
245
1
0
_a
Lenguaje, derecho y significados sociales
100
1
_a
Mertz, Elizabeth
773
0
_t
Academia
_g
- Año 13, Nº 26 (jul./dic. 2015)
_w
REV4314
999
_c
21699
_d
21699